000 00334 a2200109 4500
001 ART_38377
005 20260410161942.0
008 260409a
245 1 0 _aEl principio protectorio en el empleo público
100 1 _aTerragno, María Martha
773 0 _tTemas de derecho laboral
_g- Nº 5 (mayo 2016)
_wREV27619
999 _c29580
_d29580